Т. 4 : 1944-1952; Нобелевская премия. Физиология и медицина
| Parent link: | Нобелевская премия. Физиология и медицина. Т. 4 : 1944-1952.— , 2006.— 5-902758-01-7 |
|---|---|
| Idioma: | rus |
| Publicat: |
Москва, Физматлит, 2006
|
| Matèries: |
Мониш
> Э.
> португальский невропатолог и нейрохирург
> Нобелевский лауреат
> 1874-1955
> Эгаш
> полное имя и фамилия Антониу Каэтану ди Фрейри Эгаш Мониш
Рейхштейн
> Т.
> швейцарский химик-органик
> родился в Польше
> 1897-1996
> Тадеуш
> Нобелевский лауреат
|
| Format: | Llibre |
| KOHA link: | https://koha.lib.tpu.ru/cgi-bin/koha/opac-detail.pl?biblionumber=121664 |
MARC
| LEADER | 00000nam2a2200000 4500 | ||
|---|---|---|---|
| 001 | 121664 | ||
| 005 | 20231101215708.0 | ||
| 010 | |a 9785902758242 | ||
| 035 | |a (RuTPU)RU\TPU\book\131756 | ||
| 035 | |a RU\TPU\book\90694 | ||
| 090 | |a 121664 | ||
| 100 | |a 20070919d2006 k y0rusy50 ca | ||
| 101 | 1 | |a rus |c eng | |
| 102 | |a RU | ||
| 105 | |a ac z 000zd | ||
| 200 | 0 | |a Т. 4 : 1944-1952 | |
| 210 | |a Москва |c Физматлит |d 2006 | ||
| 215 | |a 596 с. |c ил. | ||
| 461 | 1 | |0 (RuTPU)RU\TPU\book\132272 |y 5-902758-01-7 |t Нобелевская премия. Физиология и медицина |v Т. 4 : 1944-1952 |d 2006 |s Нобелевские лекции - 100 лет | |
| 600 | 1 | |a Флеминг |b А. |c Fleming |c английский микробиолог |f 1881-1955 |g Александер |2 stltpush |3 (RuTPU)RU\TPU\pers\19648 | |
| 600 | 1 | |a Эрлангер |b Дж. |c американский физиолог |c Нобелевский лауреат |f 1874-1965 |g Джозеф |2 stltpush |3 (RuTPU)RU\TPU\pers\21454 |9 9049 | |
| 600 | 1 | |a Гассер |b Г. С. |c американский физиолог |c Нобелевский лауреат |f 1888-1963 |g Герберт Спенсер |2 stltpush |3 (RuTPU)RU\TPU\pers\21455 |9 9050 | |
| 600 | 1 | |a Чейн |b Э. Б. |c английский биохимик |c Нобелевский лауреат |f 1906-1979 |g Эрнст Борис |2 stltpush |3 (RuTPU)RU\TPU\pers\21456 |9 9051 | |
| 600 | 1 | |a Флори |b Х. У. |c английский патолог |c Нобелевский лауреат |f 1898-1968 |g Хоуард Уолтер |2 stltpush |3 (RuTPU)RU\TPU\pers\21457 |9 9052 | |
| 600 | 1 | |a Мёллер |b Г. Дж. |c американский генетик |c Нобелевский лауреат |f 1890-1967 |g Герман Джозеф |2 stltpush |3 (RuTPU)RU\TPU\pers\21458 |9 9053 | |
| 600 | 1 | |a Кори |b Г. Т. |c американский биохимик |c Нобелевский лауреат |f 1896-1957 |g Герти Тереза |2 stltpush |3 (RuTPU)RU\TPU\pers\21460 |9 9055 | |
| 600 | 1 | |a Кори |b К. Ф. |c американский биохимик |c Нобелевский лауреат |f 1896-1984 |g Карл Фердинанд |2 stltpush |3 (RuTPU)RU\TPU\pers\21459 | |
| 600 | 1 | |a Усай (Хуссей) |b Б. А. |c аргентинский физиолог |c Нобелевский лауреат |f 1887-1971 |g Бернардо Альберто |2 stltpush |3 (RuTPU)RU\TPU\pers\21461 |9 9056 | |
| 600 | 1 | |a Мюллер |b П. |c швейцарский химик |c Нобелевский лауреат |f 1899-1965 |g Пауль |2 stltpush |3 (RuTPU)RU\TPU\pers\21462 |9 9057 | |
| 600 | 1 | |a Хесс (Гесс) |b В. Р. |c швейцарский физиолог |c Нобелевский лауреат |f 1881-1973 |g Вальтер Рудольф |2 stltpush |3 (RuTPU)RU\TPU\pers\21522 |9 9059 | |
| 600 | 1 | |a Мониш |b Э. |c португальский невропатолог и нейрохирург |c Нобелевский лауреат |f 1874-1955 |g Эгаш |c полное имя и фамилия Антониу Каэтану ди Фрейри Эгаш Мониш |2 stltpush |3 (RuTPU)RU\TPU\pers\21523 | |
| 600 | 1 | |a Кендалл |b Э. К. |c американский биохимик |c Нобелевский лауреат |f 1886-1972 |g Эдуард Келвин |2 stltpush |3 (RuTPU)RU\TPU\pers\21524 |9 9061 | |
| 600 | 1 | |a Рейхштейн |b Т. |c швейцарский химик-органик |c родился в Польше |f 1897-1996 |g Тадеуш |c Нобелевский лауреат |2 stltpush |3 (RuTPU)RU\TPU\pers\21525 | |
| 600 | 1 | |a Хенч |b Ф. Ш. |c американский врач |c Нобелевский лауреат |f 1896-1965 |g Филипп Шоуолтер |2 stltpush |3 (RuTPU)RU\TPU\pers\21526 |9 9063 | |
| 600 | 1 | |a Тейлер |b М. |c американский врач и микробиолог южноафриканского происхождения |c Нобелевский лауреат |f 1899-1972 |g Макс |2 stltpush |3 (RuTPU)RU\TPU\pers\21527 |9 9064 | |
| 600 | 1 | |a Ваксман |b З. А. |c американский микробиолог |c Нобелевский лауреат |f 1888-1973 |g Зельман Абрахам |2 stltpush |3 (RuTPU)RU\TPU\pers\21528 |9 9065 | |
| 610 | 1 | |a наука | |
| 610 | 1 | |a научные открытия | |
| 610 | 1 | |a ученые | |
| 610 | 1 | |a ученые звания | |
| 610 | 1 | |a премии | |
| 610 | 1 | |a Нобелевская премия | |
| 610 | 1 | |a Нобелевские лауреаты | |
| 610 | 1 | |a Нобелевские лекции | |
| 610 | 1 | |a история | |
| 610 | 1 | |a 20 век | |
| 610 | 1 | |a физиология | |
| 610 | 1 | |a медицина | |
| 675 | |a 61(09) |v 3 | ||
| 686 | |a Ч216(0)27 |v LBC/SL-A |2 rubbk | ||
| 801 | 1 | |a RU |b 63413507 |c 20051031 |g PSBO | |
| 801 | 2 | |a RU |b 63413507 |c 20221207 |g PSBO | |
| 942 | |c BK | ||